[Event "BIH-chT1 30th"]
[Site "Gorazde"]
[Date "2023.08.27"]
[Round "3.3"]
[White "Sitnic, Adnan"]
[Black "Okicic, Nermin"]
[Result "1-0"]
[WhiteElo "2139"]
[BlackElo "2158"]
[PlyCount "99"]
[EventDate "2023.08.26"]
[EventType "team-tourn"]
[EventRounds "9"]
[EventCountry "BIH"]
[SourceTitle "EXT 2024"]
[Source "ChessBase"]
[SourceDate "2023.10.10"]
[SourceVersion "1"]
[SourceVersionDate "2023.10.10"]
[SourceQuality "1"]

1. e4 e6 2. d4 d5 3. e5 c5 4. c3 Nc6 5. Nf3 Bd7 6. Be2 a6 7. 0-0 Rc8 8. a3 Qb6 9. dxc5 Bxc5 10. b4 Be7 11. Re1 Qc7 12. Bd3 Na7 13. a4 f5 14. Be3 Ra8 15. b5 Nc8 16. bxa6 bxa6 17. Qe2 a5 18. c4 dxc4 19. Bxc4 Nb6 20. Bb3 g6 21. Qa2 Kf7 22. Nd4 Qxe5 23. Nxe6 Bxe6 24. Bxe6+ Qxe6 25. Qxe6+ Kxe6 26. Bd4+ Kf7 27. Bxh8 Nf6 28. Bxf6 Bxf6 29. Ra2 Rd8 30. g3 Rd4 31. Nc3 Rc4 32. Nb5 Rxa4 33. Rxa4 Nxa4 34. Nd6+ Kf8 35. Re8+ Kg7 36. Ra8 Bc3 37. Nc4 Nc5 38. Nxa5 Bxa5 39. Rxa5 Ne4 40. f3 Ng5 41. Kg2 h5 42. h4 Nf7 43. Kf2 Nd8 44. Ke3 Ne6 45. Kd3 Kf6 46. Ra6 Ke5 47. Kc4 f4 48. Ra5+ Kf6 49. g4 hxg4 50. fxg4 1-0

[Event "Konjic op 12th"]
[Site "Konjic"]
[Date "2023.03.04"]
[Round "7"]
[White "Sitnic, Adnan"]
[Black "Sinanaj, Enio"]
[Result "1-0"]
[WhiteElo "2220"]
[BlackElo "1718"]
[PlyCount "33"]
[EventDate "2023.03.01"]
[EventType "swiss"]
[EventRounds "7"]
[EventCountry "BIH"]
[SourceTitle "CBM 213 Extra"]
[Source "ChessBase"]
[SourceDate "2023.05.31"]
[SourceVersion "1"]
[SourceVersionDate "2023.05.31"]
[SourceQuality "1"]

1. e4 e6 2. d4 d5 3. Nd2 c5 4. exd5 exd5 5. Ngf3 Nc6 6. Bb5 Qb6 7. Qe2+ Be6 8. dxc5 Bxc5 9. 0-0 Nge7 10. Nb3 Bd6 11. c3 h6 12. Re1 0-0-0 13. Be3 Qc7 14. Bc5 Bf4 15. Bxe7 Nxe7 16. Nbd4 Qb6 17. Nxe6 1-0

[Event "Konjic op 12th"]
[Site "Konjic"]
[Date "2023.03.02"]
[Round "2"]
[White "Dafa, Sirio"]
[Black "Sitnic, Adnan"]
[Result "1-0"]
[WhiteElo "1743"]
[BlackElo "2220"]
[PlyCount "69"]
[EventDate "2023.03.01"]
[EventType "swiss"]
[EventRounds "7"]
[EventCountry "BIH"]
[SourceTitle "CBM 213 Extra"]
[Source "ChessBase"]
[SourceDate "2023.05.31"]
[SourceVersion "1"]
[SourceVersionDate "2023.05.31"]
[SourceQuality "1"]

1. e4 c6 2. d4 d5 3. Nc3 dxe4 4. Nxe4 Nf6 5. Nxf6+ exf6 6. c3 Bd6 7. Bd3 0-0 8. Ne2 Qc7 9. Qc2 h6 10. Be3 Nd7 11. Ng3 c5 12. Nf5 cxd4 13. Nxd4 a6 14. 0-0-0 Ne5 15. Bf5 Nc4 16. Bxc8 Nxe3 17. fxe3 Rfxc8 18. Nf5 Bf8 19. Rd5 Qc4 20. Qb3 Qe4 21. Rhd1 b5 22. Qc2 Qe6 23. e4 b4 24. c4 Rxc4 25. Qxc4 Rc8 26. Qxc8 Qxc8+ 27. Kb1 g6 28. Rd8 Qe6 29. Rxf8+ Kh7 30. Ng3 b3 31. axb3 Kg7 32. Rdd8 h5 33. Rfe8 Qxb3 34. Nf5+ gxf5 35. Rh8 1-0

[Event "BIH-chT 19th"]
[Site "Neum"]
[Date "2021.09.20"]
[Round "5.6"]
[White "Sitnic, Adnan"]
[Black "Culum, Sanjin"]
[Result "0-1"]
[WhiteElo "2244"]
[BlackElo "2205"]
[PlyCount "102"]
[EventDate "2021.09.17"]
[EventType "team-tourn"]
[EventRounds "9"]
[EventCountry "BIH"]
[SourceTitle "EXT 2023"]
[Source "ChessBase"]
[SourceDate "2022.10.05"]
[SourceVersion "1"]
[SourceVersionDate "2022.10.05"]
[SourceQuality "1"]
[WhiteTeam "Sarajevo SK"]
[BlackTeam "Tuzla Sloboda"]
[WhiteTeamCountry "BIH"]
[BlackTeamCountry "BIH"]

1. Nf3 Nf6 2. c4 e6 3. d4 d5 4. e3 Be7 5. Nc3 0-0 6. Qc2 b6 7. cxd5 exd5 8. Bd3 h6 9. 0-0 c5 10. b3 Nc6 11. Ba3 Be6 12. Rac1 Qc8 13. dxc5 Bxc5 14. Bxc5 bxc5 15. Qe2 c4 16. bxc4 dxc4 17. Bb1 Qa6 18. h3 Rab8 19. e4 Rfd8 20. e5 Nd7 21. Qe4 Nf8 22. Qf4 Nb4 23. Ne4 Nd3 24. Bxd3 cxd3 25. Nd6 Ng6 26. Qe3 Nxe5 27. Nxe5 Rxd6 28. Rfd1 Rbd8 29. Rd2 Qb6 30. Qxb6 axb6 31. g4 Kf8 32. a3 f6 33. Ng6+ Kf7 34. Nf4 Bb3 35. Rc7+ Kg8 36. Nh5 R8d7 37. Rc8+ Kf7 38. f4 Rd4 39. f5 Rc4 40. Rxc4 Bxc4 41. Nf4 Rd4 42. Ng2 Ba6 43. Kf2 Ra4 44. Rb2 Rxa3 45. Rxb6 Ra2+ 46. Kf3 d2 47. Ne3 d1Q+ 48. Nxd1 Be2+ 49. Kf4 Bxd1 50. Rb7+ Kg8 51. Rb8+ Kh7 0-1

[Event "Belgrade Serbia op"]
[Site "Belgrade"]
[Date "2021.07.07"]
[Round "8"]
[White "Sitnic, Adnan"]
[Black "Maksimovic, Masa"]
[Result "1/2-1/2"]
[WhiteElo "2231"]
[BlackElo "2008"]
[PlyCount "197"]
[EventDate "2021.07.02"]
[EventType "swiss"]
[EventRounds "9"]
[EventCountry "SRB"]
[SourceTitle "EXT 2022"]
[Source "ChessBase"]
[SourceDate "2021.10.06"]
[SourceVersion "1"]
[SourceVersionDate "2021.10.06"]
[SourceQuality "1"]

1. d4 d5 2. Nf3 Nf6 3. Bg5 g6 4. Bxf6 exf6 5. e3 Bd6 6. c4 dxc4 7. Bxc4 0-0 8. 0-0 Nc6 9. Nc3 a6 10. Rc1 Kg7 11. Re1 Na5 12. Bd3 Be6 13. Ne4 Bb4 14. Re2 b6 15. a3 Be7 16. b4 Nb7 17. Qc2 c5 18. dxc5 bxc5 19. bxc5 Nxc5 20. Nxc5 Bxc5 21. Be4 Bxa3 22. Bxa8 Bxc1 23. Bb7 Qb6 24. Nd4 Qxb7 25. Nxe6+ fxe6 26. Qxc1 Rc8 27. Qd1 Rc7 28. h3 Rd7 29. Qc1 a5 30. e4 Qb5 31. Re3 Qe5 32. g3 Rc7 33. Qa3 Qc5 34. Qa4 Rb7 35. Kg2 Qb4 36. Qa2 e5 37. Qd5 a4 38. g4 Re7 39. Qa8 Qd4 40. Ra3 Ra7 41. Qc6 Qb4 42. Ra2 a3 43. Qd5 Qe7 44. Qb3 Qc5 45. Kg3 Qc1 46. Qd3 Qg1+ 47. Kf3 Qc1 48. Kg2 Qc5 49. Qb3 Qe7 50. Qe3 Ra4 51. Qb3 Qa7 52. Qd5 Ra5 53. Qd3 Ra4 54. Kg3 Ra5 55. Kg2 Qe7 56. Qb3 Ra7 57. Qe3 Ra4 58. Qd3 Rd4 59. Qe3 Ra4 60. Qd3 Ra8 61. Qd5 Ra7 62. Qb3 Qd6 63. Qe3 Qd4 64. Rxa3 Rxa3 65. Qxa3 Qxe4+ 66. Kg3 Qb7 67. Qd6 Qb3+ 68. Kg2 Qf7 69. Kg3 h5 70. gxh5 gxh5 71. Kh2 Qa7 72. Kg2 Qb7+ 73. Kg3 Kg6 74. Qd3+ e4 75. Qe3 Qd5 76. Kh2 Qd3 77. Qc5 Qe2 78. Qd4 Qf3 79. Qc5 Qf4+ 80. Kh1 Qh4 81. Kh2 Qg5 82. Qd4 Qe5+ 83. Qxe5 fxe5 84. h4 Kf6 85. Kh3 Ke6 86. Kg2 Kd5 87. Kf1 Ke6 88. Ke2 Kf5 89. Ke3 Kg4 90. Kxe4 Kxh4 91. Kxe5 Kg4 92. f4 h4 93. f5 h3 94. f6 h2 95. f7 h1Q 96. f8Q Qe1+ 97. Kf6 Qf2+ 98. Kg7 Qxf8+ 99. Kxf8 1/2-1/2

[Event "Belgrade Serbia op"]
[Site "Belgrade"]
[Date "2021.07.06"]
[Round "6"]
[White "Sitnic, Adnan"]
[Black "Karacsonyi, Kata"]
[Result "0-1"]
[WhiteElo "2231"]
[BlackElo "2107"]
[PlyCount "84"]
[EventDate "2021.07.02"]
[EventType "swiss"]
[EventRounds "9"]
[EventCountry "SRB"]
[SourceTitle "EXT 2022"]
[Source "ChessBase"]
[SourceDate "2021.10.06"]
[SourceVersion "1"]
[SourceVersionDate "2021.10.06"]
[SourceQuality "1"]

1. e4 c5 2. f4 d5 3. exd5 Nf6 4. Bb5+ Bd7 5. Bxd7+ Qxd7 6. c4 e6 7. Qe2 Bd6 8. d3 0-0 9. dxe6 fxe6 10. Nf3 Nc6 11. 0-0 Rae8 12. Nc3 e5 13. f5 Nd4 14. Qd1 Nxf5 15. Bg5 Nh5 16. g4 Nd4 17. Nxd4 exd4 18. Rxf8+ Rxf8 19. Ne4 Nf4 20. Qf3 h6 21. Nf6+ Rxf6 22. Bxf6 gxf6 23. Re1 Be5 24. Kh1 Kg7 25. h4 Ng6 26. h5 Nf4 27. Kg1 Qf7 28. a3 a5 29. Ra1 Qe7 30. Re1 Ne6 31. Qf5 Qf7 32. Kf2 Nf4 33. Kf3 Nh3 34. Kg2 Ng5 35. Qc8 Ne6 36. Kf3 Qe7 37. Ke2 Bg3 38. Rd1 Nf4+ 39. Kd2 Qe2+ 40. Kc1 Nxd3+ 41. Rxd3 Bf4+ 42. Kb1 Qf1+ 0-1

[Event "Belgrade Serbia op"]
[Site "Belgrade"]
[Date "2021.07.05"]
[Round "5"]
[White "Akshat, Khamparia"]
[Black "Sitnic, Adnan"]
[Result "1-0"]
[WhiteElo "2406"]
[BlackElo "2231"]
[PlyCount "51"]
[EventDate "2021.07.02"]
[EventType "swiss"]
[EventRounds "9"]
[EventCountry "SRB"]
[SourceTitle "CBM 203 Extra"]
[Source "ChessBase"]
[SourceDate "2021.09.30"]
[SourceVersion "1"]
[SourceVersionDate "2021.09.30"]
[SourceQuality "1"]

1. d4 e6 2. c4 Nf6 3. Nf3 b6 4. g3 Ba6 5. Qc2 d5 6. cxd5 Nxd5 7. Bg2 Be7 8. 0-0 0-0 9. Nc3 Bb7 10. Rd1 Nd7 11. e4 Nxc3 12. bxc3 b5 13. Rb1 Rb8 14. Be3 a6 15. c4 bxc4 16. Nd2 Nb6 17. Nxc4 Nxc4 18. Qxc4 Qd7 19. Rb3 c5 20. Rdb1 Rfc8 21. dxc5 Qc7 22. c6 Ba8 23. Rxb8 Rxb8 24. Rxb8+ Qxb8 25. c7 Qc8 26. Bb6 1-0

[Event "Titled Tuesday intern op 09th Feb"]
[Site "Chess.com INT"]
[Date "2021.02.09"]
[Round "3"]
[White "Sitnic, Adnan"]
[Black "Perdomo, Carlos Andres"]
[Result "0-1"]
[WhiteElo "2219"]
[BlackElo "2301"]
[PlyCount "120"]
[EventDate "2021.02.09"]
[EventType "swiss (blitz)"]
[EventRounds "11"]
[EventCountry "USA"]
[SourceTitle "EXT 2022"]
[Source "ChessBase"]
[SourceDate "2021.10.06"]
[SourceVersion "1"]
[SourceVersionDate "2021.10.06"]
[SourceQuality "1"]

1. e4 c5 2. f4 e6 3. Nf3 d5 4. Bb5+ Bd7 5. Bxd7+ Nxd7 6. d3 dxe4 7. dxe4 Qc7 8. 0-0 Rd8 9. Qe2 Ngf6 10. c4 Nb6 11. e5 Nfd7 12. Nc3 a6 13. Be3 Be7 14. Rad1 0-0 15. b3 Nc8 16. Bf2 b6 17. Bg3 Qb7 18. Rd2 Nb8 19. Rfd1 Nc6 20. Bf2 Qc7 21. h3 Rxd2 22. Rxd2 Rd8 23. Ne4 Rxd2 24. Qxd2 Qd8 25. Qxd8+ Bxd8 26. a3 h6 27. Be1 Be7 28. Bc3 Kf8 29. Kf2 Ke8 30. g4 Kd7 31. f5 g6 32. f6 Bf8 33. Bd2 Nd4 34. Nxd4 cxd4 35. a4 Na7 36. Ke2 Nc6 37. Bf4 g5 38. Bg3 Na5 39. Nd2 Bb4 40. h4 Bxd2 41. Kxd2 Nxb3+ 42. Kd3 Nc1+ 43. Kd2 Nb3+ 44. Kd3 Kc6 45. hxg5 hxg5 46. Be1 Kc5 47. Bh4 gxh4 48. g5 Kc6 49. g6 Nc5+ 50. Kxd4 fxg6 51. f7 Nd7 52. Ke4 Nf8 53. Kf4 g5+ 54. Kxg5 h3 55. Kf6 Kd7 56. Kg7 Ke7 57. a5 bxa5 58. c5 h2 59. c6 h1Q 60. c7 Qh7# 0-1

[Event "Titled Tuesday intern op 09th Feb"]
[Site "Chess.com INT"]
[Date "2021.02.09"]
[Round "2"]
[White "Wagner, Dennis"]
[Black "Sitnic, Adnan"]
[Result "1-0"]
[WhiteElo "2581"]
[BlackElo "2219"]
[PlyCount "55"]
[EventDate "2021.02.09"]
[EventType "swiss (blitz)"]
[EventRounds "11"]
[EventCountry "USA"]
[SourceTitle "EXT 2022"]
[Source "ChessBase"]
[SourceDate "2021.10.06"]
[SourceVersion "1"]
[SourceVersionDate "2021.10.06"]
[SourceQuality "1"]

1. d4 Nf6 2. c4 e6 3. Nf3 b6 4. a3 Bb7 5. Nc3 Be7 6. d5 d6 7. e4 e5 8. Bd3 Nbd7 9. 0-0 a5 10. h3 Nh5 11. g3 Nc5 12. Bc2 g6 13. Bh6 Bc8 14. b4 Nd7 15. Ba4 Bf8 16. Qd2 Bg7 17. Bxg7 Nxg7 18. Qh6 Nh5 19. c5 bxc5 20. bxc5 Ke7 21. cxd6+ cxd6 22. Bc6 Rb8 23. Nb5 Ba6 24. a4 Nc5 25. Nd2 Qf8 26. Qe3 f6 27. Rfc1 Nb7 28. Nc7 1-0

[Event "Titled Tuesday intern op 19th Jan"]
[Site "Chess.com INT"]
[Date "2021.01.19"]
[Round "4"]
[White "Belenkaya, Dina"]
[Black "Sitnic, Adnan"]
[Result "1-0"]
[WhiteElo "2293"]
[BlackElo "2219"]
[PlyCount "73"]
[EventDate "2021.01.19"]
[EventType "swiss (blitz)"]
[EventRounds "11"]
[EventCountry "USA"]
[SourceTitle "CBM 200 Extra"]
[Source "ChessBase"]
[SourceDate "2021.03.31"]
[SourceVersion "1"]
[SourceVersionDate "2021.03.31"]
[SourceQuality "1"]

1. e4 Nc6 2. d4 e5 3. d5 Nce7 4. Nf3 Ng6 5. Bc4 Nf6 6. Qe2 Bb4+ 7. c3 Bc5 8. g3 d6 9. h3 h6 10. b4 Bb6 11. a4 a6 12. Nbd2 0-0 13. Nf1 c6 14. h4 cxd5 15. exd5 e4 16. N3h2 Ne5 17. a5 Ba7 18. Be3 Qc7 19. Bxa7 Rxa7 20. Ne3 Bd7 21. Nhf1 Rc8 22. Nd2 Nfg4 23. Rc1 Nxe3 24. Qxe3 Raa8 25. Be2 Re8 26. 0-0 f5 27. c4 Rac8 28. Rfe1 Qd8 29. Nb3 g5 30. c5 Kh7 31. cxd6 f4 32. Qxe4+ Kh8 33. Qd4 Qf6 34. Bh5 Rf8 35. Qxe5 Qxe5 36. Rxe5 Rxc1+ 37. Nxc1 1-0

[Event "Titled Tuesday intern op 19th Jan"]
[Site "Chess.com INT"]
[Date "2021.01.19"]
[Round "3"]
[White "Sitnic, Adnan"]
[Black "Kilic, Efe Mert"]
[Result "1/2-1/2"]
[WhiteElo "2219"]
[BlackElo "2220"]
[PlyCount "64"]
[EventDate "2021.01.19"]
[EventType "swiss (blitz)"]
[EventRounds "11"]
[EventCountry "USA"]
[SourceTitle "CBM 200 Extra"]
[Source "ChessBase"]
[SourceDate "2021.03.31"]
[SourceVersion "1"]
[SourceVersionDate "2021.03.31"]
[SourceQuality "1"]

1. e4 e5 2. Nf3 Nc6 3. Bb5 a6 4. Ba4 g6 5. c3 Bg7 6. 0-0 Nge7 7. b4 0-0 8. d3 h6 9. Nbd2 d5 10. Re1 b5 11. Bb3 Be6 12. a3 Kh7 13. Bb2 f5 14. exd5 Nxd5 15. c4 Nf4 16. Nxe5 Nxe5 17. Bxe5 Bxe5 18. Rxe5 Qxd3 19. cxb5 Bxb3 20. Qxb3 Qxd2 21. Re7+ Kh8 22. Rd1 Ne2+ 23. Kh1 Nd4 24. Rxd2 Nxb3 25. Rdd7 Rfe8 26. Rh7+ Kg8 27. Rdg7+ Kf8 28. Rf7+ Kg8 29. Rhg7+ Kh8 30. Rh7+ Kg8 31. Rfg7+ Kf8 32. Rf7+ Kg8 1/2-1/2

[Event "BIH-chTA 27th"]
[Site "Lukavac"]
[Date "2020.10.31"]
[Round "3.2"]
[White "Sitnic, Adnan"]
[Black "Ramic, Mirnes"]
[Result "1-0"]
[WhiteElo "2215"]
[BlackElo "2083"]
[PlyCount "65"]
[EventDate "2020.10.30"]
[EventType "team-tourn"]
[EventRounds "9"]
[EventCountry "BIH"]
[SourceTitle "CBM 199 Extra"]
[Source "ChessBase"]
[SourceDate "2021.01.31"]
[SourceVersion "1"]
[SourceVersionDate "2021.01.31"]
[SourceQuality "1"]
[WhiteTeam "Sarajevo SK"]
[BlackTeam "Zivinice"]
[WhiteTeamCountry "BIH"]
[BlackTeamCountry "BIH"]

1. e4 e5 2. Nf3 Nc6 3. Bb5 a6 4. Ba4 Nf6 5. 0-0 Be7 6. Re1 b5 7. Bb3 0-0 8. c3 d6 9. h3 Bb7 10. d4 Re8 11. Nbd2 Bf8 12. a4 b4 13. a5 bxc3 14. bxc3 exd4 15. Ng5 d5 16. exd5 Rxe1+ 17. Qxe1 Nxd5 18. Ne6 fxe6 19. Qxe6+ Kh8 20. Bxd5 Bd6 21. Rb1 dxc3 22. Rxb7 cxd2 23. Bxd2 Nd4 24. Qe4 Rb8 25. Rxb8 Qxb8 26. Bc4 Nb5 27. Bd3 g6 28. Bc3+ Kg8 29. Qe6+ Kf8 30. Qf6+ Ke8 31. Qe6+ Be7 32. Bf6 Qd8 33. Bxb5+ 1-0

[Event "Titled Tuesday intern op 25th Aug"]
[Site "Chess.com INT"]
[Date "2020.08.25"]
[Round "6"]
[White "Sitnic, Adnan"]
[Black "Tharushi, THD Niklesha"]
[Result "1-0"]
[WhiteElo "2215"]
[BlackElo "1632"]
[PlyCount "45"]
[EventDate "2020.08.25"]
[EventType "swiss (blitz)"]
[EventRounds "10"]
[EventCountry "USA"]
[SourceTitle "CBM 198 Extra"]
[Source "ChessBase"]
[SourceDate "2020.11.30"]
[SourceVersion "1"]
[SourceVersionDate "2020.11.30"]
[SourceQuality "1"]

1. e4 c5 2. f4 a6 3. Nf3 b5 4. c4 Bb7 5. e5 bxc4 6. Bxc4 e6 7. 0-0 d5 8. exd6 Bxd6 9. d4 Nf6 10. f5 cxd4 11. fxe6 0-0 12. exf7+ Kh8 13. Bg5 Bc5 14. Nbd2 h6 15. Ne5 d3+ 16. Kh1 Nbd7 17. Ng6+ Kh7 18. Bxd3 hxg5 19. Nxf8+ Kh8 20. Ng6+ Kh7 21. Rc1 Qb6 22. Rxf6 Nxf6 23. Rxc5 1-0

[Event "Titled Tuesday intern op 11th Aug"]
[Site "Chess.com INT"]
[Date "2020.08.11"]
[Round "1"]
[White "Turgut, Aydin"]
[Black "Sitnic, Adnan"]
[Result "1-0"]
[WhiteElo "2269"]
[BlackElo "2215"]
[PlyCount "65"]
[EventDate "2020.08.11"]
[EventType "swiss (blitz)"]
[EventRounds "10"]
[EventCountry "USA"]
[SourceTitle "CBM 197 Extra"]
[Source "ChessBase"]
[SourceDate "2020.09.30"]
[SourceVersion "1"]
[SourceVersionDate "2020.09.30"]
[SourceQuality "1"]

1. e4 Nc6 2. Nf3 d6 3. d4 Nf6 4. c3 e5 5. Bd3 Bg4 6. Be3 d5 7. Nbd2 exd4 8. cxd4 dxe4 9. Nxe4 Bb4+ 10. Nc3 0-0 11. 0-0 Nd5 12. Ne4 Re8 13. h3 Bh5 14. Bg5 Qd7 15. Nc5 Qc8 16. g4 Bg6 17. Bxg6 hxg6 18. a3 Bxc5 19. dxc5 Ne5 20. Qxd5 Nxf3+ 21. Qxf3 c6 22. Rfe1 Qd7 23. Bf4 Re6 24. Rxe6 Qxe6 25. Qe3 Qd5 26. Bd6 Rd8 27. Re1 b6 28. b4 bxc5 29. bxc5 Qa2 30. Qe7 Rc8 31. Qd7 Ra8 32. Qxc6 Rd8 33. Qf3 1-0

[Event "Titled Tuesday intern op 26th May"]
[Site "Chess.com INT"]
[Date "2020.05.26"]
[Round "8"]
[White "Tsyhanchuk, Stanislav"]
[Black "Sitnic, Adnan"]
[Result "1-0"]
[WhiteElo "2322"]
[BlackElo "2215"]
[PlyCount "167"]
[EventDate "2020.05.26"]
[EventType "swiss (blitz)"]
[EventRounds "10"]
[EventCountry "USA"]
[SourceTitle "CBM 196 Extra"]
[Source "ChessBase"]
[SourceDate "2020.07.31"]
[SourceVersion "1"]
[SourceVersionDate "2020.07.31"]
[SourceQuality "1"]

1. e4 Nc6 2. Nf3 e5 3. Bb5 Nf6 4. d3 a6 5. Bxc6 dxc6 6. Nxe5 Bc5 7. c3 Qe7 8. Nf3 Bg4 9. Bg5 h6 10. Bh4 g5 11. Bg3 0-0-0 12. Qe2 Rhe8 13. 0-0 Nd5 14. d4 Bb6 15. Nbd2 f5 16. Be5 Nf4 17. Bxf4 fxe4 18. Be5 exf3 19. Nxf3 Rf8 20. Qe4 Bxf3 21. gxf3 Qf7 22. a4 c5 23. a5 Ba7 24. dxc5 Bxc5 25. b4 Bd6 26. Bxd6 Rxd6 27. b5 Qxf3 28. Qxf3 Rxf3 29. c4 Rd4 30. Rad1 Rxd1 31. Rxd1 Ra3 32. bxa6 bxa6 33. Rd5 Kb7 34. Rf5 Ra4 35. Rf6 Rxc4 36. Rxh6 Rc5 37. Kg2 Rb5 38. Kg3 Rxa5 39. Rg6 Rd5 40. Kg4 a5 41. Re6 a4 42. Re4 Ra5 43. Re2 a3 44. Ra2 c5 45. Kxg5 c4+ 46. Kf4 c3 47. Ke3 c2 48. Kd2 Rc5 49. Kc1 Rc3 50. h4 Rh3 51. Kxc2 Rxh4 52. Rxa3 Rh2 53. Rf3 Kc6 54. Kd3 Kd5 55. Rf5+ Ke6 56. Rf8 Ke7 57. Rf4 Ke6 58. Ke3 Ke5 59. Ra4 Rh3+ 60. f3 Ke6 61. Ra5 Rh1 62. Ke4 Re1+ 63. Kf4 Re2 64. Ra6+ Kf7 65. Kf5 Kg7 66. f4 Re7 67. Kg5 Rf7 68. f5 Kh7 69. Rf6 Rg7+ 70. Kf4 Ra7 71. Re6 Kg7 72. Kg5 Rf7 73. Rg6+ Kh7 74. Rd6 Kg7 75. Re6 Kh7 76. f6 Kg8 77. Re8+ Rf8 78. Re7 Rf7 79. Kg6 Rf8 80. Rg7+ Kh8 81. Rh7+ Kg8 82. f7+ Rxf7 83. Rxf7 Kh8 84. Rf8# 1-0

[Event "Sarajevo Bosna op 49th"]
[Site "Sarajevo"]
[Date "2019.05.03"]
[Round "9"]
[White "Sitnic, Adnan"]
[Black "Jakovljevic, Vlado"]
[Result "1/2-1/2"]
[WhiteElo "2174"]
[BlackElo "2356"]
[PlyCount "110"]
[EventDate "2019.04.27"]
[EventType "swiss"]
[EventRounds "9"]
[EventCountry "BIH"]
[SourceTitle "CBM 190 Extra"]
[Source "ChessBase"]
[SourceDate "2019.07.15"]
[SourceVersion "1"]
[SourceVersionDate "2019.07.15"]
[SourceQuality "1"]

1. e4 c5 2. f4 d5 3. exd5 Nf6 4. Bb5+ Bd7 5. Bxd7+ Qxd7 6. c4 e6 7. Qe2 Bd6 8. d3 0-0 9. dxe6 fxe6 10. Nf3 Nc6 11. Nc3 e5 12. f5 Nd4 13. Qd1 Qxf5 14. 0-0 Qh5 15. Ng5 Qg6 16. Be3 Nf5 17. Bd2 e4 18. Ncxe4 Be5 19. Nf3 Bxb2 20. Rb1 Bd4+ 21. Nxd4 Nxd4 22. Nxf6+ Rxf6 23. Rxf6 Qxf6 24. Rxb7 Re8 25. Bc3 Qe5 26. Kh1 a6 27. h3 Rf8 28. Rb2 Rf5 29. Bxd4 Qxd4 30. Rb8+ Kf7 31. Qe1 Qe5 32. Rb7+ Kf8 33. Qb1 h6 34. Rd7 Rf2 35. Rb7 Qf4 36. Rb8+ Kf7 37. Qb7+ Kg6 38. Qxa6+ Kh7 39. Rb1 Rf1+ 40. Rxf1 Qxf1+ 41. Kh2 Qf4+ 42. Kg1 Qe3+ 43. Kf1 Qxd3+ 44. Kf2 Qd2+ 45. Kf3 Qd3+ 46. Kf4 Qd4+ 47. Kf5 Qf2+ 48. Ke5 Qd4+ 49. Kf5 Qd3+ 50. Kg4 h5+ 51. Kxh5 Qe2+ 52. g4 Qe8+ 53. Kg5 Qe5+ 54. Kh4 Qe1+ 55. Kg5 Qe5+ 1/2-1/2

[Event "Sarajevo Bosna op 49th"]
[Site "Sarajevo"]
[Date "2019.04.29"]
[Round "4"]
[White "Muratovic, Efim"]
[Black "Sitnic, Adnan"]
[Result "0-1"]
[WhiteElo "2400"]
[BlackElo "2174"]
[PlyCount "78"]
[EventDate "2019.04.27"]
[EventType "swiss"]
[EventRounds "9"]
[EventCountry "BIH"]
[SourceTitle "CBM 190 Extra"]
[Source "ChessBase"]
[SourceDate "2019.07.15"]
[SourceVersion "1"]
[SourceVersionDate "2019.07.15"]
[SourceQuality "1"]

1. c4 e5 2. Nc3 f5 3. Nf3 d6 4. d3 Nf6 5. g3 Be7 6. Bg2 0-0 7. 0-0 Na6 8. Rb1 c6 9. b4 Nc7 10. c5 dxc5 11. bxc5 Bxc5 12. Qb3+ Be6 13. Qxb7 Qd6 14. d4 exd4 15. Bf4 Qe7 16. Na4 Ncd5 17. Be5 Nc3 18. Nxc3 dxc3 19. Qa6 c2 20. Rb2 Bxf2+ 21. Kh1 Ng4 22. Rxc2 Bd5 23. Bf4 Be3 24. Nh4 g5 25. Rxc6 Bxg2+ 26. Nxg2 gxf4 27. Nxf4 Qe4+ 28. Ng2 Nf2+ 29. Kg1 Ng4+ 30. Kh1 Bb6 31. Qb5 Ne3 32. Rf3 Ng4 33. h3 Ne5 34. Re6 Qc4 35. Qxc4 Nxc4 36. Nh4 Rae8 37. Rxe8 Rxe8 38. Nxf5 Rxe2 39. h4 Rxa2 0-1

[Event "Solta Amateur op"]
[Site "Grohote"]
[Date "2018.06.29"]
[Round "7"]
[White "Obad, Andrija"]
[Black "Sitnic, Adnan"]
[Result "1-0"]
[WhiteElo "2283"]
[BlackElo "2191"]
[PlyCount "71"]
[EventDate "2018.06.24"]
[EventType "swiss"]
[EventRounds "9"]
[EventCountry "CRO"]
[SourceTitle "CBM 185 Extra"]
[Source "ChessBase"]
[SourceDate "2018.07.29"]
[SourceVersion "1"]
[SourceVersionDate "2018.07.29"]
[SourceQuality "1"]

1. e4 Nc6 2. Nf3 e5 3. Bc4 Bc5 4. 0-0 Nf6 5. d3 d6 6. c3 0-0 7. a4 a6 8. b4 Bb6 9. a5 Ba7 10. Re1 h6 11. Nbd2 Ne7 12. Nf1 Ng6 13. Be3 Bxe3 14. Nxe3 Nh7 15. d4 Ng5 16. dxe5 dxe5 17. Nxg5 Qxg5 18. Qf3 Qf4 19. Qxf4 Nxf4 20. g3 Nh3+ 21. Kg2 Ng5 22. f3 Rd8 23. Rad1 Bd7 24. h4 Nh7 25. Rd5 Be6 26. Rxe5 Rd2+ 27. Re2 Rxe2+ 28. Bxe2 Rd8 29. b5 axb5 30. Rxb5 Rd2 31. Kf2 Bc8 32. Rd5 Rxd5 33. Nxd5 Kf8 34. Nxc7 Ke7 35. Ke3 Nf6 36. Nd5+ 1-0

[Event "Sarajevo Bosna op 48th"]
[Site "Sarajevo"]
[Date "2018.05.10"]
[Round "8"]
[White "Sitnic, Adnan"]
[Black "Burovic, Rijad"]
[Result "0-1"]
[WhiteElo "2187"]
[BlackElo "2331"]
[PlyCount "56"]
[EventDate "2018.05.05"]
[EventType "swiss"]
[EventRounds "9"]
[EventCountry "BIH"]
[SourceTitle "CBM 184 Extra"]
[Source "ChessBase"]
[SourceDate "2018.06.28"]
[SourceVersion "1"]
[SourceVersionDate "2018.06.28"]
[SourceQuality "1"]

1. f4 g6 2. e4 Bg7 3. Nf3 d6 4. c3 Nf6 5. d3 0-0 6. Be2 c5 7. Na3 Nc6 8. 0-0 Rb8 9. Nc2 b5 10. a3 a5 11. a4 b4 12. c4 e6 13. b3 d5 14. e5 Ne8 15. d4 f6 16. cxd5 exd5 17. exf6 Nxf6 18. Ne5 Nxe5 19. dxe5 Ne4 20. Bb2 Be6 21. Ne3 Nc3 22. Bxc3 bxc3 23. g4 Rb4 24. f5 gxf5 25. gxf5 Qg5+ 26. Kh1 Rh4 27. fxe6 Rxh2+ 28. Kxh2 Bxe5+ 0-1